Biblioteca

Teología del Nuevo Testamento (Registro nro. 71374)

Detalles MARC
000 -LÍDER
Campo fijo de descripción fija 01964nam a2200385 i 4500
001 - NÚMERO DE CONTROL
Campo de control 768714001
003 - IDENTIFICADOR DEL NÚMERO DE CONTROL
Campo de control CO-MdFUSB
005 - FECHA Y HORA DE LA ULTIMA TRANSACCIÓN
control field 20250819155117.0
007 - CAMPO FIJO DE DESCRIPCIÓN FIJA--INFORMACIÓN GENERAL
Campo fijo de descripción fija cr aa aaaaa
008 - ELEMENTOS DE LONGITUD FIJA -- INFORMACIÓN GENERAL
Campo fijo de descripción fija -- Información general 250708t2016 sp |||| |||| 00| 0 spa d
020 ## - NÚMERO INTERNACIONAL NORMALIZADO PARA LIBROS
Número Internacional Normalizado del libro 9788494462603
Información adicional electrónico
040 ## - FUENTE DE CATALOGACIÓN
Agencia de catalogación original CO-MdFUSB
Idioma de catalogación spa
Agencia que realiza la transcripción CO-MdFUSB
Agencia que realiza la modificación CO-MdFUSBC
Convenciones de la descripción rda
041 ## - CÓDIGO DE IDIOMA
Código de idioma para texto/pista de sonido o título separado eng
082 ## - NÚMERO DE CLASIFICACIÓN DECIMAL DEWEY
Número de la edición del Dewey 23
Número de clasificación 225.6
100 ## - ASIENTO PRINCIPAL--NOMBRE PERSONAL
Nombre personal Marshall, I. Howard
Término relacionador autor
245 ## - TÍTULO
Título del Material Teología del Nuevo Testamento
Mención de responsabilidad, etc. / Howard I. Marshall
Medio físico [electrónico]
264 #1 - PRODUCCIÓN, PUBLICACIÓN, DISTRIBUCIÓN, MANUFACTURA, Y COPYRIGHT
Nombre del productor, publicador, distribuidor Clie,
Lugar de producción, publicación, distribución, manufactura Barcelona, España :
Fecha de producción, publicación, distribución, manufactura, o copyright [2016]
264 #4 - PRODUCCIÓN, PUBLICACIÓN, DISTRIBUCIÓN, MANUFACTURA, Y COPYRIGHT
Fecha de producción, publicación, distribución, manufactura, o copyright ©2016
300 ## - DESCRIPCIÓN FÍSICA
Extensión 100 páginas
Dimensiones ;
336 ## - TIPO DE CONTENIDO
Fuente rdacontent
Término de tipo de contenido texto
Código de tipo de contenido txt
337 ## - TIPO DE MEDIO
Fuente rdamedia
Nombre del tipo de medio informático
Código del tipo de medio c
338 ## - TIPO DE SOPORTE
Fuente rdacarrier
Nombre del tipo de soporte remoto
Código Tipo de soporte cr
347 ## - CARACTERÍSTICAS DEL ARCHIVO DIGITAL
Fuente rda
Tipo de archivo fichero de texto
Formato de codificación PDF
490 ## - MENCIÓN DE SERIE
Mención de serie Colección Teología Contemporánea. Estudios teológicos
505 ## - NOTA DE CONTENIDO
Información miscelánea Primera parte: <br/><br/><br/>
Título Introducción
Nota de contenido con formato preestablecido ¿Cómo hacemos teología del Nuevo Testamento?
Información miscelánea Segunda parte:
Título Jesús, los Evangelios Sinópticos y Hechos.<br/><br/>
Nota de contenido con formato preestablecido Los Evangelios y la teología del Nuevo Testamento. -- El Evangelio de Marcos. -- El Evangelio de Mateo. -- Lucas-Hechos: el Tratado Antiguo. -- Lucas-Hechos: la secuela. -- La teología de los Evangelios Sinópticos y Hechos
Información miscelánea Tercera parte:
Título Las Cartas Paulinas<br/>
Información miscelánea Cuarta Parte:
Título la Literatura Juanina<br/><br/>
Información miscelánea Quinta Parte: Hebreos, Santiago, 1 y 2 Pedro y Judas.<br/><br/><br/>
-- Sexta Parte:
Título Conclusión
506 ## - NOTA DE RESTRICCIONES DE ACCESO
Condiciones de acceso Solicitar clave y usuario para acceder al libro electrónico.
506 ## - NOTA DE RESTRICCIONES DE ACCESO
Condiciones de acceso Libro multiusuario.
630 07 - TITULO UNIFORME
Título uniforme Biblia.
Nombre de parte o sección de la obra Nuevo Testamento
Subdivisión de materia general Crítica, interpretación, etc.
653 ## - TÉRMINO DE INDIZACIÓN - NO CONTROLADO
Término no controlado Teología bíblica — Nuevo Testamento
653 ## - TÉRMINO DE INDIZACIÓN - NO CONTROLADO
Término no controlado Jesús en los Evangelios
856 ## - LOCALIZACIÓN Y ACCESO ELECTRÓNICOS
Ruta de acceso 1681937
Identificador Uniforme del Recurso <a href="http://search.ebscohost.com/login.aspx?direct=true&scope=site&db=nlebk&db=nlabk&AN=1681937">http://search.ebscohost.com/login.aspx?direct=true&scope=site&db=nlebk&db=nlabk&AN=1681937</a>
Nota dirigida al público <a href="Abrir Versión electrónica del libro Teología del Nuevo Testamento ">Abrir Versión electrónica del libro Teología del Nuevo Testamento </a>
942 ## - TIPO DE MATERIAL (KOHA)
Tipo de Item KOHA Libros General
945 ## - INFORMACIÓN LOCAL DEL REGISTRO
Catalogador JTF-925
Existencias
Estado de Material Estado de Perdido Forma de Clasificación Estado de Dañado No para Préstamo Colección Biblioteca de Origen Biblioteca Permanente Ubicación en Estantería Fecha de Adquisición Área Total de Préstamos Signatura Topográfica Código de Barras Última vez visto Ejemplar/Existencia Url Fecha de Remplazo Tipo de Material Nota Pública
    Dewey Decimal Classification     Colección Libros Electrónicos Biblioteca FUSBC Biblioteca FUSBC Libro electrónico 09/07/2025 BIBLIA   EBSCO ID1681937 09/07/2025 Ej. 1 https://bit.ly/4kwmzsi 09/07/2025 Libros General LIBRO ELECTRÓNICO - Seguir el link de acceso

Biblioteca FUSBC | Teléfono: (57+4) 349 88 10 Ext. 141| WhatsApp (+57) 3005338115 
E-mail: biblioteca@unisbc.edu.co | Calle 76 87-14 Robledo Palenque, Medellín, Colombia

Con tecnología Koha